[Event "Romanian Open 2019"]
[Site "Alba Iulia"]
[Date "2019.10.30"]
[Round "4.2"]
[White "Harutjunyan, Gevorg"]
[Black "Moksh Amit Doshi"]
[Result "1-0"]
[WhiteElo "2428"]
[BlackElo "2328"]
[Annotator "NA"]
[PlyCount "73"]
[EventDate "2019.10.28"]
[EventType "swiss"]
[EventCountry "ROU"]
[SourceTitle "playchess.com"]
[Source "ChessBase"]
[SourceQuality "1"]
[TimeControl "5400+30"]

1. e4 {[%emt 0:00:00]} c5 {[%emt 0:00:00]} 2. Nf3 {[%emt 0:00:00]} d6 {[%emt 0:00:00]} 3. d4 {[%emt 0:00:00]} cxd4 {[%emt 0:00:00]} 4. Nxd4 {[%emt 0:00:00]} Nf6 {[%emt 0:00:02]} 5. Nc3 {[%emt 0:00:01]} a6 {[%emt 0:00:07]} 6. h3 {[%emt 0:00:27]} e5 {[%emt 0:00:33]} 7. Nb3 {[%emt 0:00:10]} Be6 {[%emt 0:00:08]} 8. f4 {[%emt 0:00:07]} g6 {[%emt 0:00:06]} 9. Qf3 {[%emt 0:04:59]} Nc6 {[%emt 0:01:31]} 10. Be3 {[%emt 0:00:48]} exf4 {[%emt 0:04:05]} 11. Qxf4 {[%emt 0:02:36]} Nh5 {[%emt 0:02:23]} 12. Qf2 {[%emt 0:00:17]} Be7 {[%emt 0:02:21]} 13. O-O-O {[%emt 0:01:37]} O-O {[%emt 0:03:50]} 14. g4 {[%emt 0:04:13]} Bh4 {[%emt 0:01:52]} 15. Qh2 {[%emt 0:04:10]} Ng3 {[%emt 0:04:24]} 16. Rg1 {[%emt 0:00:05]} Nxf1 {[%emt 0:01:36]} 17. Rgxf1 {[%emt 0:00:08]} Bc4 {[%emt 0:05:47]} 18. Rg1 {[%emt 0:01:44]} Ne5 {[%emt 0:02:57]} 19. Nd4 {[%emt 0:04:22]} b5 {[%emt 0:04:37]} 20. a3 {[%emt 0:21:00]} b4 {[%emt 0:05:28]} 21. axb4 {[%emt 0:00:09]} Qb8 {[%emt 0:00:13]} 22. Nf5 {[%emt 0:05:23]} d5 {[%emt 0:22:32]} 23. Bf4 {[%emt 0:12:33]} Bg5 {[%emt 0:03:52]} 24. Kb1 {[%emt 0:09:36]} Bxf4 {[%emt 0:00:57]} 25. Qxf4 {[%emt 0:00:12]} Nc6 {[%emt 0:00:14]} 26. Qh6 {[%emt 0:00:49]} Qe5 {[%emt 0:00:50]} 27. Nxd5 {[%emt 0:00:34]} Rab8 {[%emt 0:01:41]} 28. g5 {[%emt 0:04:16]} Bxd5 {[%emt 0:00:07]} 29. Rxd5 {[%emt 0:00:25]} Qh8 {[%emt 0:00:08]} 30. c3 {[%emt 0:03:01]} Rfe8 {[%emt 0:00:28]} 31. Ne3 {[%emt 0:05:56]} Rxe4 {[%emt 0:02:24]} 32. Ng4 {[%emt 0:00:49]} Re6 {[%emt 0:01:00]} 33. Rgd1 {[%emt 0:03:34]} Qg7 {[%emt 0:00:26]} 34. Qh4 {[%emt 0:00:35]} Kh8 {[%emt 0:01:41]} 35. Nf6 {[%emt 0:01:07]} h5 {[%emt 0:00:12]} 36. Rd6 {[%emt 0:00:51]} Ne5 {[%emt 0:01:46]} 37. Rd8+ {[%emt 0:00:50]} 1-0

[Event "Romanian Open 2019"]
[Site "Alba Iulia"]
[Date "2019.10.30"]
[Round "4.3"]
[White "Banzea, Alexandru-Bogdan"]
[Black "Omelja, Artem"]
[Result "1/2-1/2"]
[WhiteElo "2389"]
[BlackElo "2424"]
[Annotator "NA"]
[PlyCount "28"]
[EventDate "2019.10.28"]
[EventType "swiss"]
[EventCountry "ROU"]
[SourceTitle "playchess.com"]
[Source "ChessBase"]
[SourceQuality "1"]
[TimeControl "5400+30"]

1. e4 {[%emt 0:00:00]} e5 {[%emt 0:04:18]} 2. Nf3 {[%emt 0:00:00]} Nc6 {[%emt 0:00:06]} 3. Bb5 {[%emt 0:00:00]} Nf6 {[%emt 0:00:09]} 4. O-O {[%emt 0:00:00]} Nxe4 {[%emt 0:00:07]} 5. Re1 {[%emt 0:00:03]} Nd6 {[%emt 0:00:09]} 6. Nxe5 {[%emt 0:00:06]} Be7 {[%emt 0:00:09]} 7. Bf1 {[%emt 0:00:06]} Nxe5 {[%emt 0:00:09]} 8. Rxe5 {[%emt 0:00:03]} O-O {[%emt 0:00:12]} 9. d4 {[%emt 0:00:22]} Bf6 {[%emt 0:00:10]} 10. Re1 {[%emt 0:00:29]} Re8 {[%emt 0:00:16]} 11. Rxe8+ {[%emt 0:00:22]} Nxe8 {[%emt 0:00:52]} 12. d5 {[%emt 0:00:24]} d6 {[%emt 0:00:47]} 13. Nd2 {[%emt 0:01:06]} Bg5 {[%emt 0:00:55]} 14. Nf3 {[%emt 0:03:46]} Bxc1 {[%emt 0:00:14]} 1/2-1/2

[Event "Romanian Open 2019"]
[Site "Alba Iulia"]
[Date "2019.10.30"]
[Round "4.4"]
[White "Andreev, Eduard"]
[Black "Shishkin, Vadim"]
[Result "1/2-1/2"]
[WhiteElo "2435"]
[BlackElo "2428"]
[Annotator "NA"]
[PlyCount "27"]
[EventDate "2019.10.28"]
[EventType "swiss"]
[EventCountry "ROU"]
[SourceTitle "playchess.com"]
[Source "ChessBase"]
[SourceQuality "1"]
[TimeControl "5400+30"]

1. e4 {[%emt 0:00:00]} c5 {[%emt 0:00:00]} 2. Nf3 {[%emt 0:00:00]} Nc6 {[%emt 0:00:00]} 3. d4 {[%emt 0:00:00]} cxd4 {[%emt 0:00:00]} 4. Nxd4 {[%emt 0:00:01]} e6 {[%emt 0:00:23]} 5. Nc3 {[%emt 0:00:19]} Qc7 {[%emt 0:00:24]} 6. Be3 {[%emt 0:00:49]} a6 {[%emt 0:00:08]} 7. Qd2 {[%emt 0:00:51]} Nf6 {[%emt 0:01:13]} 8. f4 {[%emt 0:00:54]} Bb4 {[%emt 0:00:53]} 9. Bd3 {[%emt 0:00:22]} Na5 {[%emt 0:00:39]} 10. a3 {[%emt 0:00:58]} Bxc3 {[%emt 0:00:15]} 11. Qxc3 {[%emt 0:00:11]} Qxc3+ {[%emt 0:00:04]} 12. bxc3 {[%emt 0:00:06]} d5 {[%emt 0:00:27]} 13. exd5 {[%emt 0:00:26]} exd5 {[%emt 0:00:04]} 14. Nb3 {[%emt 0:02:48]} 1/2-1/2

[Event "Romanian Open 2019"]
[Site "Alba Iulia"]
[Date "2019.10.30"]
[Round "4.5"]
[White "Filip, Lucian-Ioan"]
[Black "Manolache, Marius"]
[Result "0-1"]
[WhiteElo "2418"]
[BlackElo "2548"]
[Annotator "TA"]
[PlyCount "122"]
[EventDate "2019.10.28"]
[EventType "swiss"]
[EventCountry "ROU"]
[SourceTitle "playchess.com"]
[Source "ChessBase"]
[SourceQuality "1"]

{[%evp 9,122,-4,0,0,0,10,7,0,0,0,2,4,0,-14,-5,-27,-12,-26,-9,-10,-10,-13,-12,-17,-17,-17,-17,-18,-18,-12,-16,-11,-7,-27,0,0,0,-1,0,-8,0,0,0,-29,0,0,0,0,7,0,62,11,4,0,0,-25,-14,-26,-28,-16,-20,-33,-33,-27,-34,-43,-46,-72,-74,-116,-31,-44,-21,-27,-55,-91,-39,-172,-189,-247,-241,-249,-245,-241,-193,-203,-200,-219,-75,-76,-68,-89,-74,-62,-62,-76,-74,-74,-27,-39,-32,-49,-8,-19,-6,-8,-12,-196,-204,-194,-191,-184,-158,-273,-266]} 1. Nf3 Nf6 2. c4 e6 3. g3 a6 4. Nc3 d5 5. cxd5 exd5 6. Bg2 {A13: English Opening: 1...e6} Be7 7. O-O O-O 8. d4 {The position is equal.} c6 9. Qb3 Nbd7 10. Re1 $146 ({Predecessor:} 10. Rd1 Re8 11. Bf4 Nh5 12. Bd2 Nhf6 13. Bf4 Nh5 14. Bd2 Nhf6 15. Bf4 {½-½ (15) So,W (2674)-Van Wely,L (2677) Amsterdam 2010}) 10... a5 11. a3 Ne4 12. Nxe4 dxe4 13. Ne5 Nb6 14. Bxe4 Qxd4 {[%mdl 64] Double Attack} 15. Qe3 Bc5 16. Qxd4 Bxd4 17. Nf3 $1 {[%cal Rf3d4]} Bf6 18. Bg5 Bxg5 ({But not} 18... Bxb2 $6 19. Rab1 $16) 19. Nxg5 h6 20. Nf3 Re8 21. Nd2 Bg4 22. f3 Be6 23. Bc2 Rad8 24. Rad1 Kf8 25. Kf2 Rd5 26. e4 Rc5 27. Rc1 $1 Rd8 28. Ke3 Rh5 29. h4 Bc4 (29... f5 $11) 30. b3 (30. f4 $1 $14) 30... Ba6 $11 31. a4 Re5 32. f4 Re7 $36 {[%mdl 2048] Black fights for an advantage.} 33. Nf3 Nd5+ 34. Kf2 Nb4 35. Bb1 Red7 36. Rc3 f6 37. e5 Bd3 38. e6 {[#]} Bxb1 $1 {[%mdl 512]} 39. Rxb1 Rd3 (39... Nd3+ $17 40. Ke3 Rd5) 40. Rxd3 $1 $15 Nxd3+ {[%mdl 4096] Endgame KRN-KRN} 41. Ke3 {Hoping for Rd1.} Nb4 42. f5 h5 ({Black should try} 42... Nd5+ $17 43. Kf2 h5) 43. Ke2 (43. Rb2 $15) 43... Nd5 $19 {Threatens to win with ...Nc3+.} 44. Kd3 {[#]} (44. Kf2 $142) 44... Ne7+ $1 {[%mdl 64] Discovered Attack} 45. Ke4 Rd5 46. Nd4 Re5+ 47. Kd3 c5 48. Nf3 Rd5+ (48... Rxf5 $19 49. Nd2 Rd5+ 50. Kc2 Nc6) 49. Ke4 $17 Rd6 50. Rc1 b6 51. Re1 g6 52. fxg6 {[#]} Kg7 $1 53. Re2 Kxg6 54. Rd2 Rxe6+ 55. Kf4 Nc6 56. Rd7 Re2 57. Rd6 Ne7 58. g4 $2 (58. Nd2 $11 {and White stays safe.}) 58... hxg4 $19 {[%mdl 64] Overworked Piece} 59. Kxg4 Re4+ 60. Kh3 Rb4 61. Nd2 {[#]} (61. Ne5+ $17 Kh5 62. Nc4 Rxb3+ 63. Kg2) 61... Rxh4+ $1 {[%mdl 512] Accuracy: White = 52%, Black = 63%.} 0-1

[Event "Romanian Open 2019"]
[Site "Alba Iulia"]
[Date "2019.10.30"]
[Round "4.6"]
[White "Akash G"]
[Black "Stoleriu, George"]
[Result "1-0"]
[WhiteElo "2449"]
[BlackElo "2351"]
[Annotator "TA"]
[PlyCount "143"]
[EventDate "2019.10.28"]
[EventType "swiss"]
[EventCountry "ROU"]
[SourceTitle "playchess.com"]
[Source "ChessBase"]
[SourceQuality "1"]

{[%evp 10,143,14,18,15,20,22,16,18,30,22,-4,0,0,0,-16,-17,-59,-61,-93,-74,-84,-64,-44,-37,-77,-75,-76,-38,-59,-42,-51,-31,-47,-40,-49,-40,-40,-36,-50,-45,-51,0,0,0,0,7,-90,-93,-96,-99,-142,-87,-118,85,77,69,64,60,0,66,64,76,71,139,126,127,109,108,107,205,152,556,525,554,546,653,674,587,608,2666,1233,1059,939,1766,1725,1746,1467,1610,2072,1999,627,638,629,592,541,2010,1963,1853,1853,996,830,779,746,1896,1896,1391,1712,1391,1074,29969,29970,29970,29971,29971,29971,29971,29972,29973,29974,29973,29975,29975,29976,29976,29976,29977,29978,29978,29979,29980,29981,29982,29982,29982,29983]} 1. e4 e6 2. d4 d5 3. Nd2 Be7 4. Bd3 c5 5. dxc5 Nf6 6. Qe2 a5 {C03: French Tarrasch: Unusual Black 3rd moves} 7. Ngf3 O-O 8. O-O Na6 {The position is equal.} 9. e5 {And now Bxa6 would win.} Nd7 10. Nb3 a4 11. Nbd4 Ndxc5 12. Bb5 Nc7 13. c4 $146 ({Predecessor:} 13. Bf4 Nxb5 14. Nxb5 Bd7 {0-1 (42) Matras,A (2269)-Harikrishna,P (2733) Edmonton 2015}) 13... Nxb5 14. cxb5 Bd7 15. Be3 Qa5 16. Bd2 Qb6 17. Bb4 Rfc8 18. Rfc1 Bf8 19. g3 Rc7 20. Rc2 Ne4 21. Rxc7 Qxc7 22. Qe1 Bxb4 23. Qxb4 Qc5 24. Qxc5 Nxc5 25. Rc1 Rc8 (25... b6 $1 $15) 26. Ne1 $11 f6 27. f4 $1 Kf7 28. Nef3 (28. b6 $11 {remains equal.}) 28... Nd3 $1 $17 {[%mdl 64] Discovered Attack} 29. Rxc8 Bxc8 {[%mdl 4096] Endgame KBN-KNN} 30. b3 a3 (30... axb3 $142 31. Nxb3 g5 $1 {[%mdl 512]} 32. fxg5 fxe5) 31. Nc2 {[#]} Nc1 $2 (31... g5 $1 $17 {[%mdl 512] keeps the pressure on.} 32. fxg5 fxe5) 32. Nb4 $1 $16 Ne2+ 33. Kf2 Nc3 34. Nd4 (34. b6 $1 $14) 34... Bd7 ({Better is} 34... b6 $11) 35. b6 $1 $14 g5 36. Ke3 fxe5 ({Black should play} 36... Nd1+ 37. Kd2 Nf2) 37. fxe5 $16 Kg6 38. g4 h5 39. h3 $1 h4 (39... Kh6 $16 {keeps fighting.}) 40. Nd3 $1 $18 Nxa2 $2 (40... Kf7 $16 {is more resistant.}) 41. Kd2 $1 Kf7 42. b4 $1 {[%cal Bb3b4,Bb4b5][%mdl 32]} Ke7 {[#]} 43. b5 $1 Be8 44. Nc5 Bg6 {[#]} 45. Nxb7 (45. Nc6+ $142 $1 {[%mdl 512]} Kf8 (45... bxc6 46. b7) 46. Nxb7) 45... Nb4 46. Kc3 a2 47. Kb2 Nd3+ 48. Kxa2 Kd7 49. Nc6 d4 50. Nba5 (50. Ka3 $142 Be4 51. Nba5 Bxc6 52. bxc6+ Kc8 53. Nb7 Nxe5 54. Nd6+ Kd8 55. c7+ Kd7 56. c8=Q+ Kxd6 57. b7) 50... Nc5 51. b7 Nxb7 52. Nxb7 Kc7 {aiming for ...d3.} 53. Nd6 d3 54. Nc4 Be4 55. N6a5 Bg2 56. b6+ Kb8 57. Kb2 Bxh3 58. Nc6+ Kb7 59. Nd8+ Kb8 60. Na5 {White mates.} Bg2 61. Ndc6+ Bxc6 62. Nxc6+ {KN-KP} Kb7 63. Nd4 Kxb6 64. Nf3 Kc5 65. Kc3 d2 66. Kxd2 {KN-K3P} h3 67. Kd3 Kd5 68. Ke3 Kc4 69. Kf2 Kd5 70. Kg3 Ke4 71. Nxg5+ {[%mdl 64] Double Attack} Kxe5 72. Nxh3 {Accuracy: White = 66%, Black = 44%.} 1-0

[Event "Romanian Open 2019"]
[Site "Alba Iulia"]
[Date "2019.10.30"]
[Round "4.7"]
[White "David, Alexandru-Vasile"]
[Black "Gomes, Mary Ann"]
[Result "1/2-1/2"]
[WhiteElo "2424"]
[BlackElo "2268"]
[Annotator "TA"]
[PlyCount "147"]
[EventDate "2019.10.28"]
[EventType "swiss"]
[EventCountry "ROU"]
[SourceTitle "playchess.com"]
[Source "ChessBase"]
[SourceQuality "1"]

{[%evp 19,147,9,22,1,37,18,32,0,21,18,75,85,80,81,135,127,188,185,180,165,172,170,211,233,212,202,204,194,237,235,237,162,244,241,228,209,230,228,232,236,248,129,141,136,189,187,209,145,145,143,149,142,138,131,141,121,144,132,182,188,234,217,237,29,169,89,89,30,34,31,89,89,89,89,119,119,119,0,89,0,119,119,161,89,161,89,119,74,119,119,119,74,119,119,119,119,119,74,119,74,119,0,119,119,119,74,119,74,119,74,119,119,119,74,74,74,119,74,119,74,119,119,119,119,119,0,119,0,119,8]} 1. d4 Nf6 2. Nf3 b6 3. e3 Bb7 4. Bd3 e6 5. O-O Be7 6. c4 O-O 7. Nc3 d5 8. cxd5 exd5 9. b3 Re8 10. Bb2 Nbd7 11. Qc2 {E14: Queen's Indian: Classical Variation (4 e3)} (11. Ne5 a6 12. f4 Nf8 13. g4 Ne4 14. Nxe4 dxe4 15. Bc4 Bd5 16. a4 c6 17. g5 b5 18. axb5 cxb5 19. Bxd5 Qxd5 {1-0 (38) Riazantsev,A (2650)-Kuzubov,Y (2699) Riadh 2017}) 11... a6 12. Ne5 c5 13. Ne2 {[%cal Bc3e2,Be2g3,Bg3f5][%mdl 32] White is slightly better.} Nf8 14. Ng3 {[#]} N6d7 $146 (14... cxd4 $11 15. Nf5 (15. exd4 Ne6 $11) 15... Rc8) ({Predecessor:} 14... Rc8 15. Qe2 b5 16. Bf5 Rc7 17. Rac1 Bd6 18. Ng4 Nxg4 19. Qxg4 {½-½ (43) Alexandrova,O (2372)-Epishin,V (2553) Dos Hermanas 2006}) 15. Nxd7 $16 Qxd7 16. Nf5 {Threatens to win with dxc5.} c4 (16... g6 $142) 17. bxc4 Rac8 (17... dxc4 $16 {keeps fighting.} 18. Qxc4 (18. Bxc4 Rac8 $11) 18... b5) 18. Nxe7+ Qxe7 {[#]} 19. c5 $1 bxc5 20. Ba3 Qh4 21. Bxc5 (21. dxc5 $6 d4 $14) 21... Rc6 22. Qa4 Nd7 23. Rac1 Rh6 {[%csl Gh6][%cal Rh4h2]} 24. h3 Bc6 25. Qa3 (25. Qxa6 Nxc5 26. Rxc5 Bd7 $15) 25... Nxc5 (25... Bb5 $142 26. Bxb5 axb5) 26. Qxc5 $18 (26. Rxc5 Bd7 $11) 26... Qg5 27. Kh2 (27. Bxa6 Rg6 $16) 27... f5 28. f4 (28. Bxa6 $6 Rg6 $16) 28... Qh4 29. Rf3 Rxe3 {[#]} 30. Rcf1 ({Inferior is} 30. Rxe3 Qxf4+ 31. Kh1 (31. Rg3 Rg6 $15) 31... Qxe3 $14) (30. Rb1 $1 $18 {[%cal Rb1b8]} Re8 31. Rb6 (31. Bxf5 Qe7 $18)) 30... Rxf3 31. Rxf3 Qe1 (31... Qf6 $16 {was called for.} 32. Bxa6 Qd6 33. Qxd6 Rxd6) 32. Bxf5 Rf6 33. Qc2 g6 34. Bd3 Qb4 35. Qf2 ({Resist} 35. Bxa6 Qxd4 36. Qf2 Qxf2 $14) 35... Bb5 36. Bc2 Qd6 37. Qg3 Bc4 38. a3 Kf7 39. f5 {fxg6+ is the strong threat.} Qxg3+ 40. Kxg3 {[%mdl 4096] Endgame KRB-KRB} g5 41. Ba4 $2 (41. Re3 $18) 41... Rb6 (41... Rh6 $1 $11) 42. h4 (42. Re3 $18) 42... Kf6 $16 43. Re3 ({White should play} 43. Bc2 $16) 43... Rb2 44. Bd7 {Strongly threatening Re6+.} Rb3 (44... gxh4+ $14 45. Kxh4 Rxg2) 45. Rxb3 Bxb3 {KB-KB} 46. Be6 a5 47. Kg4 Bd1+ 48. Kg3 Bb3 $1 49. Kg4 Bd1+ $1 50. Kh3 Bb3 51. g3 ({White should try} 51. h5 $18) 51... h6 (51... h5 $16) 52. hxg5+ (52. g4 $18) 52... hxg5 53. Kg2 Bc4 54. Kf3 Bb3 55. Ke3 Bc4 56. Kd2 Ke7 57. Bc8 Kf6 58. Bd7 Bb3 59. Kc3 Bc4 60. Kd2 Bb3 $1 61. Be6 Bc4 62. Bc8 Ba2 63. Kc3 {Black must now prevent Ba6.} Bc4 64. Kc2 Ke7 65. Be6 Kf6 66. Bd7 Ke7 67. Bc8 Kf6 68. Kc3 Ke7 69. Kb2 Kf6 70. Be6 Ke7 71. Kc3 Ba2 72. Kd2 ({Better is} 72. g4 $16) 72... Kf6 (72... Bc4 $1 $11 {keeps the balance.}) 73. Bd7 Bb3 $1 74. a4 {Accuracy: White = 44%, Black = 37%.} (74. Ke2 $16) 1/2-1/2

[Event "Romanian Open 2019"]
[Site "Alba Iulia"]
[Date "2019.10.30"]
[Round "4.8"]
[White "Secheres, Adrian-Simion"]
[Black "Istratescu, Andrei"]
[Result "1/2-1/2"]
[WhiteElo "2397"]
[BlackElo "2564"]
[Annotator "ChessBase"]
[PlyCount "87"]
[EventDate "2019.10.28"]
[EventType "swiss"]
[EventCountry "ROU"]
[SourceTitle "playchess.com"]
[Source "ChessBase"]
[SourceQuality "1"]
[TimeControl "5400+30"]

1. d4 {[%emt 0:00:00]} g6 {[%emt 0:02:21]} 2. e4 {[%emt 0:00:00]} Bg7 {[%emt 0:00:03]} 3. Nc3 {[%emt 0:00:17]} c6 {[%emt 0:00:27]} 4. f4 {[%emt 0:00:28]} d5 {[%emt 0:00:03]} 5. e5 {[%emt 0:00:14]} Nh6 {[%emt 0:00:03]} 6. Be3 {[%emt 0:00:40]} f6 {[%emt 0:01:06]} 7. h3 {[%emt 0:00:39]} Nf5 {[%emt 0:18:09]} 8. Bf2 {[%emt 0:00:22]} fxe5 {[%emt 0:00:11]} 9. dxe5 {[%emt 0:00:34]} d4 {[%emt 0:00:20]} 10. Ne4 {[%emt 0:02:06]} Qb6 {[%emt 0:04:44]} 11. Bd3 {[%emt 0:07:25]} O-O {[%emt 0:04:56]} 12. Ne2 {[%emt 0:07:11]} Be6 {[%emt 0:02:33]} 13. O-O {[%emt 0:05:23]} c5 {[%emt 0:07:34]} 14. Ng5 {[%emt 0:12:55]} Bd5 {[%emt 0:10:05]} 15. c4 {[%emt 0:04:13]} Bf7 {[%emt 0:00:08]} 16. g4 {[%emt 0:04:39]} Ne3 {[%emt 0:00:27]} 17. Bxe3 {[%emt 0:00:41]} dxe3 {[%emt 0:00:01]} 18. Qc1 {[%emt 0:05:29]} Nc6 {[%emt 0:01:11]} 19. Qxe3 {[%emt 0:03:23]} Qxb2 {[%emt 0:00:39]} 20. Rfb1 {[%emt 0:23:31]} Qa3 {[%emt 0:00:12]} 21. Rb3 {[%emt 0:00:33]} Qa6 {[%emt 0:01:40]} 22. Nxf7 {[%emt 0:06:02]} Rxf7 {[%emt 0:00:21]} 23. Qxc5 {[%emt 0:02:16]} e6 {[%emt 0:04:15]} 24. Qb5 {[%emt 0:04:15]} Qa5 {[%emt 0:00:18]} 25. Qxa5 {[%emt 0:01:30]} Nxa5 {[%emt 0:00:14]} 26. Rb5 {[%emt 0:02:11]} b6 {[%emt 0:01:55]} 27. c5 {[%emt 0:02:29]} Bf8 {[%emt 0:02:55]} 28. cxb6 {[%emt 0:00:56]} axb6 {[%emt 0:00:27]} 29. Be4 {[%emt 0:01:22]} Raa7 {[%emt 0:01:22]} 30. Rc1 {[%emt 0:00:53]} Bc5+ {[%emt 0:00:09]} 31. Kg2 {[%emt 0:00:15]} Be3 {[%emt 0:03:38]} 32. Rc8+ {[%emt 0:01:12]} Kg7 {[%emt 0:00:21]} 33. Kf3 {[%emt 0:00:39]} Bc5 {[%emt 0:00:41]} 34. f5 {[%emt 0:01:23]} gxf5 {[%emt 0:00:48]} 35. gxf5 {[%emt 0:00:02]} exf5 {[%emt 0:00:05]} 36. Bd5 {[%emt 0:00:24]} Rf8 {[%emt 0:00:45]} 37. Rxf8 {[%emt 0:00:25]} Kxf8 {[%emt 0:00:07]} 38. Nf4 {[%emt 0:00:25]} Ke7 {[%emt 0:00:52]} 39. Rb2 {[%emt 0:01:27]} Bd4 {[%emt 0:00:11]} 40. Re2 {[%emt 0:00:31]} b5 {[%emt 0:01:19]} 41. Bg8 {[%emt 0:00:34]} Nc4 {[%emt 0:00:22]} 42. Bxc4 {[%emt 0:00:29]} bxc4 {[%emt 0:00:15]} 43. Nd5+ {[%emt 0:00:16]} Ke6 {[%emt 0:00:09]} 44. Nf4+ {[%emt 0:00:05] Kxe5 Ke4+} 1/2-1/2

[Event "Romanian Open 2019"]
[Site "Alba Iulia"]
[Date "2019.10.30"]
[Round "4.9"]
[White "Vedmediuc, Serghei"]
[Black "Ashwath, R.."]
[Result "1/2-1/2"]
[WhiteElo "2457"]
[BlackElo "2340"]
[Annotator "ChessBase"]
[PlyCount "28"]
[EventDate "2019.10.28"]
[EventType "swiss"]
[EventCountry "ROU"]
[SourceTitle "playchess.com"]
[Source "ChessBase"]
[SourceQuality "1"]
[TimeControl "5400+30"]

1. e4 {[%emt 0:00:00]} e5 {[%emt 0:02:17]} 2. Nf3 {[%emt 0:00:00]} Nc6 {[%emt 0:00:03]} 3. Bb5 {[%emt 0:00:00]} g6 {[%emt 0:00:08]} 4. c3 {[%emt 0:00:33]} a6 {[%emt 0:00:16]} 5. Ba4 {[%emt 0:00:05]} Bg7 {[%emt 0:00:14]} 6. d4 {[%emt 0:00:26]} b5 {[%emt 0:00:14]} 7. Bb3 {[%emt 0:00:08]} exd4 {[%emt 0:00:11]} 8. cxd4 {[%emt 0:00:05]} d6 {[%emt 0:00:07]} 9. O-O {[%emt 0:24:21]} Nge7 {[%emt 0:01:33]} 10. Nc3 {[%emt 0:02:43]} O-O {[%emt 0:00:37]} 11. Nd5 {[%emt 0:02:37]} h6 {[%emt 0:19:10]} 12. Nxe7+ {[%emt 0:12:33]} Nxe7 {[%emt 0:09:47]} 13. Re1 {[%emt 0:01:11]} c5 {[%emt 0:07:30]} 14. Be3 {[%emt 0:13:37]} c4 {[%emt 0:05:11]} 1/2-1/2

[Event "Romanian Open 2019"]
[Site "Alba Iulia"]
[Date "2019.10.30"]
[Round "4.10"]
[White "Bilych, Olexiy"]
[Black "Nester, Ihor"]
[Result "1/2-1/2"]
[WhiteElo "2281"]
[BlackElo "2381"]
[Annotator "NA"]
[PlyCount "77"]
[EventDate "2019.10.28"]
[EventType "swiss"]
[EventCountry "ROU"]
[SourceTitle "playchess.com"]
[Source "ChessBase"]
[SourceQuality "1"]
[TimeControl "5400+30"]

1. e4 {[%emt 0:00:00]} e5 {[%emt 0:01:19]} 2. Nf3 {[%emt 0:00:00]} Nc6 {[%emt 0:00:06]} 3. Bc4 {[%emt 0:00:00]} Nf6 {[%emt 0:00:15]} 4. d3 {[%emt 0:00:00]} Bc5 {[%emt 0:00:09]} 5. c3 {[%emt 0:00:00]} d6 {[%emt 0:00:13]} 6. O-O {[%emt 0:00:02]} h6 {[%emt 0:02:40]} 7. Re1 {[%emt 0:00:31]} O-O {[%emt 0:00:32]} 8. h3 {[%emt 0:00:14]} a6 {[%emt 0:00:26]} 9. a4 {[%emt 0:01:13]} Re8 {[%emt 0:07:34]} 10. a5 {[%emt 0:10:13]} Ba7 {[%emt 0:02:55]} 11. Qb3 {[%emt 0:00:38]} Qe7 {[%emt 0:10:42]} 12. Be3 {[%emt 0:01:57]} Bxe3 {[%emt 0:01:08]} 13. Rxe3 {[%emt 0:00:11]} Nd8 {[%emt 0:33:30]} 14. d4 {[%emt 0:05:08]} Nh5 {[%emt 0:01:34]} 15. Nbd2 {[%emt 0:01:03]} Nf4 {[%emt 0:00:34]} 16. Nf1 {[%emt 0:03:03]} Qf6 {[%emt 0:00:38]} 17. Ng3 {[%emt 0:02:54]} Kh7 {[%emt 0:13:46]} 18. Rd1 {[%emt 0:10:15]} g6 {[%emt 0:08:39]} 19. Qa4 {[%emt 0:08:16]} Rf8 {[%emt 0:01:02]} 20. Qa3 {[%emt 0:00:22]} Kg7 {[%emt 0:00:43]} 21. dxe5 {[%emt 0:01:45]} dxe5 {[%emt 0:00:12]} 22. Qc5 {[%emt 0:00:19]} Nc6 {[%emt 0:00:55]} 23. Kh2 {[%emt 0:10:04]} Re8 {[%emt 0:01:36]} 24. Bd5 {[%emt 0:04:35]} Bd7 {[%emt 0:01:41]} 25. b4 {[%emt 0:03:49]} Qe7 {[%emt 0:04:37]} 26. Qc4 {[%emt 0:01:09]} Be6 {[%emt 0:02:07]} 27. Ne2 {[%emt 0:00:23]} Nxe2 {[%emt 0:00:40]} 28. Rxe2 {[%emt 0:00:52]} Rad8 {[%emt 0:01:17]} 29. Ree1 {[%emt 0:12:53]} Rd6 {[%emt 0:00:43]} 30. Qc5 {[%emt 0:00:40]} Qf6 {[%emt 0:01:46]} 31. c4 {[%emt 0:02:10]} Qf4+ {[%emt 0:00:42]} 32. Kh1 {[%emt 0:01:54]} Bxh3 {[%emt 0:00:31]} 33. Rd3 {[%emt 0:00:04]} Be6 {[%emt 0:00:35]} 34. b5 {[%emt 0:00:58]} axb5 {[%emt 0:00:17]} 35. cxb5 {[%emt 0:00:22]} Bxd5 {[%emt 0:00:25]} 36. exd5 {[%emt 0:01:51]} Qb4 {[%emt 0:00:34]} 37. Qxb4 {[%emt 0:12:11]} Nxb4 {[%emt 0:00:01]} 38. Rb3 {[%emt 0:00:06]} Nxd5 {[%emt 0:00:15]} 39. Rxe5 {[%emt 0:00:05]} 1/2-1/2